000 00591nam a2200169 a 4500
001 000042495
005 20201002040206.0
008 131204s1973 sp a 000 0 spa d
020 _a8450058333
040 _aDO-SdBNP
_bspa
_cBNPHU
082 _axxxx
_bxxxx, 1973
100 1 _aValentín de la Cruz, Fray.
_969691
245 1 0 _aAutobiografía del Río arlanza :
_b(el rio cuenta su vida) /
_cFray Valentín de la Cruz.
250 _a2a ed.
260 _aBurgos :
_b[Institución Fernán González],
_b[Academia Burgense de Historia y Bellas Artes],
_c1973.
300 _a148 p. :
_bil. ;
_c20 cm.
999 _c41984
_d41984